Click game Quiz Stats

 Plays Quiz not verified by Sporcle

Score 0/100 Timer 01:30
0 Plays Today
% Correct
???
68.8%
???
68.8%
???
65.6%
???
65.6%
???
65.6%
???
65.6%
???
62.5%
???
62.5%
???
62.5%
???
59.4%
???
59.4%
???
59.4%
???
59.4%
???
59.4%
???
59.4%
???
56.3%
???
56.3%
???
56.3%
???
56.3%
???
56.3%
???
53.1%
???
53.1%
???
53.1%
???
53.1%
???
53.1%
???
50%
???
50%
???
50%
???
46.9%
???
46.9%
???
43.8%
???
43.8%
???
43.8%
???
43.8%
% Correct
???
43.8%
???
43.8%
???
40.6%
???
40.6%
???
40.6%
???
40.6%
???
40.6%
???
37.5%
???
37.5%
???
37.5%
???
37.5%
???
37.5%
???
37.5%
???
37.5%
???
37.5%
???
37.5%
???
37.5%
???
34.4%
???
34.4%
???
34.4%
???
34.4%
???
34.4%
???
34.4%
???
34.4%
???
31.3%
???
31.3%
???
31.3%
???
31.3%
???
31.3%
???
31.3%
???
31.3%
???
28.1%
???
28.1%
???
28.1%
% Correct
???
28.1%
???
28.1%
???
28.1%
???
28.1%
???
28.1%
???
28.1%
???
28.1%
???
28.1%
???
28.1%
???
28.1%
???
28.1%
???
28.1%
???
25%
???
25%
???
25%
???
25%
???
25%
???
25%
???
25%
???
25%
???
21.9%
???
21.9%
???
21.9%
???
18.8%
???
18.8%
???
18.8%
???
18.8%
???
15.6%
???
15.6%
???
15.6%
???
15.6%
???
9.4%

You're not logged in!

Compare scores with friends on all Sporcle quizzes.
OR
Log In

Show Comments

Extras

Created Feb 20, 2014ReportNominate
Tags:Clickable Quiz, 100, 130, bubble

Top Quizzes Today


Score Distribution

Your Account Isn't Verified!

In order to create a playlist on Sporcle, you need to verify the email address you used during registration. Go to your Sporcle Settings to finish the process.

Report this User

Report this user for behavior that violates our Community Guidelines.

Details: